01407nam a22003614a 4500001001200000003000800012006001900020007001500039008004100054010001700095020001800112020001800130020001800148040002100166035002100187050002200208082001400230100002600244245012100270260005800391300001500449490005200464504005100516533015200567650002100719650003800740650002900778655002900807710001700836830004900853856012600902999001701028ebr10622942CaPaEBRm u cr cn|||||||||070726s2008 cau sb 001 0 eng d z 2007030582 z9780817948726 z9780817948719 z9780817948733 aCaPaEBRcCaPaEBR a(OCoLC)83930552714aHD87b.W65 2008eb04a330.92221 aWolf, Charles,d1924-10aLooking backward and forwardh[electronic resource] :bpolicy issues in the twenty-first century /cCharles Wolf Jr. aStanford, Calif. :bHoover Institution Press,cc2008. axi, 165 p.1 aHoover institution press publication ;vno. 560 aIncludes bibliographical references and index. aElectronic reproduction.bPalo Alto, Calif. :cebrary,d2011.nAvailable via World Wide Web.nAccess may be limited to ebrary affiliated libraries. 0aEconomic policy. 0aInternational economic relations. 0aInternational relations. 7aElectronic books.2local2 aebrary, Inc. 0aHoover Institution Press publication ;v560.40uhttp://site.ebrary.com/lib/rucke/Doc?id=10622942zAn electronic book accessible through the World Wide Web; click to view c56384d56384